000 00730nam a2200229 a 4500
005 20180803165240.0
008 140318b2002 ck ||||| |||| 00| 0 spa d
040 _aCO-BoIAVH
_cCO-BoIAVH
041 _aspa
044 _ack
090 _aLB
_b04510
245 _aPatrones de distribución altitudinal y latitudinal de grupos focales de ecosistemas terrestres y acuáticos en los sectores norte y central de la Cordillera Oriental
260 _aBogotá
_bPontificia Universidad Javeriana
_c2002
300 _a39 p.
650 _aSistemática
_93510
650 _aEcología
_992250
650 _aEcosistemas
_992256
650 _aTerrestres
_941976
650 _aAcuaticos
_941977
942 _cINFORME
_2z
945 _d2006-01-10
999 _c5121
_d5121